Т. 51, № 4; Автометрия

Detalles Bibliográficos
Parent link:Автометрия: научный журнал/ Российская академия наук (РАН), Сибирское отделение (СО), Институт автоматики и электрометрии (ИАиЭ). Т. 51, № 4.— , 1965-
Idioma:ruso
Publicado: 2015
Formato: MixedMaterials Libro
KOHA link:https://koha.lib.tpu.ru/cgi-bin/koha/opac-detail.pl?biblionumber=547984

MARC

LEADER 00000nam2a2200000 4500
001 547984
005 20231101120228.0
035 |a (RuTPU)RU\TPU\prd\240848 
090 |a 547984 
100 |a 20150910a19659999k y0rusy50 ca 
101 0 |a rus 
102 |a RU 
200 0 |a Т. 51, № 4 
210 |d 2015 
461 1 |0 (RuTPU)RU\TPU\prd\11  |t Автометрия  |o научный журнал  |f Российская академия наук (РАН), Сибирское отделение (СО), Институт автоматики и электрометрии (ИАиЭ)  |v Т. 51, № 4  |d 1965- 
801 0 |a RU  |b 63413507  |c 20010227  |g PSBO 
801 1 |a RU  |b 63413507  |c 20150910 
801 2 |a RU  |b 63413507  |c 20230313  |g RCR 
942 |c BK 
999 |a НТБ_ТПУ  |b НФ  |e -1/20150112  |p П-7416  |s 1/20150608  |u 0,00  |v 1